000 00271nam a22001217a 4500
003 SGT
082 _a741.6
_bWRI
100 _aWRIGHT STEVE
245 _aDIGITAL COMPOSITING FOR FILM AND VIDEO
260 _aU.K
_bRAUTLEDGE PUB
_c2024
300 _a527
942 _2ddc
_cBK
999 _c34663
_d34663